000 01069cam a22002651 4500
001 000005788
005 20200929151803.0
008 790111s1966 uy b 000 0 spa
010 _a70225253
040 _aDO-SdBNP
_cNbU
_dDLC
082 _a989.5
_bB228e
100 1 _aBarbagelata, Lorenzo,
_d1867-1944
_916373
245 1 0 _aEstudios históricos /
_cLorenzo Barbagelata, prólogo de Eustaquio Tome.
260 _aMontevideo :
_bMinisterio de Instrucción Pública y Previsión Social,
_c1966.
300 _axxii, 131 p. ;
_c19 cm.
490 1 _aBiblioteca Artigas.
_vv. 112
490 1 _aClásicos uruguayos,
_vv. 112
504 _aIncluye referencia bibliográficas y nota al pie de las páginas
505 0 _aArtigas ante de 1810.--Guayabos.--La preterdida hijuela argentina sobre el Río de la Plata.
651 4 _aUruguay
_xHistoria
_916314
600 1 4 _aARTIGAS, JOSÉ GERVASIO,
_d1764-1850.
_916374
700 1 _aTome, Eustaquio,
_epról.
_916342
830 0 _aBiblioteca Artigas
_pClásicos uruguayos,
_vv. 112
_916276
910 _aCatalogación por copia / LC
999 _c5584
_d5584